First additional supplement to the encyclopaedia of cottage, farm, and villa architecture and furniture :bringing the work down to 1482

Saved in:
Bibliographic Details
Main Author: LOUDON, Claudius
Format: Book
Language:English
Published: Cambridge University Press 2014
Tags: Add Tag
No Tags, Be the first to tag this record!

MARC

LEADER 00000nam a22000007a 4500
008 211213b ||||| |||| 00| 0 eng d
020 |a 978108071635 
100 |a LOUDON, Claudius 
245 |a First additional supplement to the encyclopaedia of cottage, farm, and villa architecture and furniture  |b :bringing the work down to 1482  |c Claudius London  |e (Cambridge library collection)  |g 1306p.:ill. 
260 |b Cambridge University Press  |c 2014  |h Cambridge  |i 699359  |i 699360  |l NA7110.L92  |m Architecture, Domestic  |m Furniture 
500 |a It include index 
942 |a lcc  |c BK  |e Kuteyi M. A.  |f 13/12/2021 
952 |0 0  |1 0  |2 lcc  |4 0  |6 NA0007 I I0 L92  |7 0  |9 3945  |a HOL  |b HOL  |c LP  |d 2021-12-13  |l 0  |o NA7II0.L92  |p 2021-67667  |r 2021-12-13 00:00:00  |w 2021-12-13  |y BK 
952 |0 0  |1 0  |2 lcc  |4 0  |6 NA0007 I I0 L92  |7 0  |9 3946  |a HOL  |b EDM  |c LP  |d 2021-12-13  |l 0  |o NA7II0.L92  |p 2021-67668  |r 2021-12-13 00:00:00  |w 2021-12-13  |y BK 
999 |c 1976  |d 1976